<?xml version="1.0" encoding="UTF-8"?>
<marc:record xmlns:marc="http://www.loc.gov/MARC21/slim">
   <marc:leader>00000nam a2200000 a 4500</marc:leader>
   <marc:datafield ind1="1" ind2=" " tag="100">
      <marc:subfield code="a">Arolt, Volker</marc:subfield>
      <marc:subfield code="4">aut</marc:subfield>
      <marc:subfield code="e">Verfasser/-in</marc:subfield>
   </marc:datafield>
   <marc:datafield ind1="1" ind2=" " tag="100">
      <marc:subfield code="a">Reimer, Christian</marc:subfield>
      <marc:subfield code="4">aut</marc:subfield>
      <marc:subfield code="e">Verfasser/-in</marc:subfield>
   </marc:datafield>
   <marc:datafield ind1="1" ind2=" " tag="100">
      <marc:subfield code="a">Dilling, Horst</marc:subfield>
      <marc:subfield code="4">aut</marc:subfield>
      <marc:subfield code="e">Verfasser/-in</marc:subfield>
   </marc:datafield>
   <marc:datafield ind1=" " ind2=" " tag="653">
      <marc:subfield code="a">Psychiatrie</marc:subfield>
   </marc:datafield>
   <marc:datafield ind1=" " ind2=" " tag="653">
      <marc:subfield code="a">Psychotherapie</marc:subfield>
   </marc:datafield>
   <marc:datafield ind1="0" ind2="0" tag="245">
      <marc:subfield code="a">Basiswissen Psychiatrie und Psychotherapie</marc:subfield>
   </marc:datafield>
   <marc:datafield ind1="0" ind2="0" tag="245">
      <marc:subfield code="b">mit 63 Fallbeispielen und 13 Tabellen</marc:subfield>
   </marc:datafield>
   <marc:datafield ind1="0" ind2="0" tag="245">
      <marc:subfield code="c">Volker Arolt ; Christian Reimer ; Horst Dilling. Unter Mitarb. von Ursula Pauli-Pott ... [Deutsche Ärzte-Versicherung</marc:subfield>
   </marc:datafield>
   <marc:datafield ind1=" " ind2="1" tag="264">
      <marc:subfield code="a">Heidelberg</marc:subfield>
      <marc:subfield code="b">Springer</marc:subfield>
      <marc:subfield code="c">2007</marc:subfield>
   </marc:datafield>
   <marc:datafield ind1="1" ind2=" " tag="490">
      <marc:subfield code="a">Springer-Lehrbuch</marc:subfield>
   </marc:datafield>
   <marc:datafield ind1=" " ind2=" " tag="250">
      <marc:subfield code="a">6., aktualisierte Aufl.</marc:subfield>
   </marc:datafield>
   <marc:datafield ind1="1" ind2=" " tag="520">
      <marc:subfield code="a">Angaben aus der Verlagsmeldung

Basiswissen Psychiatrie und Psychotherapie / von Volker Arolt, Christian Reimer, Horst Dilling

Knapp und prägnant, ohne auf die wesentlichen Wissensinhalte zu verzichten, wird das Fach Psychiatrie und Psychotherapie vermittelt. Eng am Gegenstandskatalog orientiert und klar sturkturiert eignet sich das Buch optimal zur Prüfungsvorbereitung. Zahlreiche Fallbeispiele zu den einzelnen Krankheitsbildern geben einen faszinierenden Blick in den klinischen Alltag. Ein ideales Nachschlagewerk für alle, die mit der Versorgung psychisch Kranker konfrontiert sind. Optimal für den Studenten, der ein solides Grundwissen in der Psychatrie erwerben möchte. Die Neuauflage wurde überarbeitet, aktualisiert und um ein Glossar erweitert. TOC:Psychiatrische und psychotherapeutisch/psychosomatische Untersuchung und Befunddokumentation.- Psychopathologie.- Körperlich begründbare psychische Störungen.- Mißbrauch und Abhängigkeit.- Schizophrene Psychosen.- Affektive Psychosen.- Schizoaffektive Psychosen, akute vorübergehende Psychosen, Wahnentwicklung.- Neurosen.- Reaktionen.- Persönlichkeitsstörungen.- Psychosomatische Störungen.- Sexualstörungen.- Störungen aus dem Bereich der Kinder- und Jugendpsychiatrie.- Somatische Behandlung.- Psychotherapie.- Soziotherapie, Versorgung, Rehabilitation.- Suizidalität und Krisenintervention.- Konsiliar- und Liaisonpsychiatrie.- Forensische Psychiatrie/Rechtspsychiatrie.- Ethik in der Psychologie und Psychotherapie/Psychosomatik.- Historisches.
</marc:subfield>
   </marc:datafield>
   <marc:datafield ind1=" " ind2=" " tag="020">
      <marc:subfield code="a">9783540326724</marc:subfield>
      <marc:subfield code="9">9783540326724</marc:subfield>
   </marc:datafield>
   <marc:datafield ind1=" " ind2=" " tag="020">
      <marc:subfield code="a">3540326723</marc:subfield>
      <marc:subfield code="9">3540326723</marc:subfield>
   </marc:datafield>
   <marc:datafield ind1=" " ind2=" " tag="041">
      <marc:subfield code="a">ger</marc:subfield>
   </marc:datafield>
   <marc:datafield ind1=" " ind2=" " tag="300">
      <marc:subfield code="a">XVIII, 468 S.</marc:subfield>
   </marc:datafield>
</marc:record>
